| Поле | Название | Значение |
| |
Тип записи |
a |
| |
Библиографический уровень |
m |
| 001 |
Контрольный номер |
9e7a0f77cce04ef09c3dce9923043640 |
| 005 |
Дата корректировки |
20251219143149.9 |
| 010 |
Индекс ISBN |
__ |
| a |
ISBN |
978-5-04-154861-2 |
| b |
Уточнения |
в пер. |
| 9 |
Тираж |
7000 экз. |
| d |
Цена |
472-50 |
| 100 |
Данные общей обработки |
__ |
| a |
Данные общей обработки |
20250418d2025 ma y0rusy028902 ca |
| 101 |
Язык документа |
1_ |
| a |
Язык текста |
rus |
| c |
Язык оригинала |
fre |
| 102 |
Страна публикации |
__ |
| a |
Страна публикации |
RU |
| 105 |
Кодированные данные (монография) |
__ |
| a |
Кодированные данные (монография) |
y z 000ay |
| 181 |
Поле кодированных данных: вид содержания |
_0 |
| a |
Код вида содержания (ISBD) |
i |
| 182 |
Поле кодированных данных: тип средства |
_0 |
| a |
Код типа средства (ISBD) |
n |
| 200 |
Заглавие и сведения об ответственности |
1_ |
| a |
Заглавие |
Таинственный остров |
| e |
Сведения, относящиеся к заглавию |
роман |
| f |
Первые сведения об ответственности |
Жюль Верн |
| g |
Последующие сведения об ответственности |
перевод с французского Н. И. Немчиновой, А. А. Худадовой |
| 203 |
Вид содержания и тип средства |
__ |
| a |
Вид содержания |
Текст |
| c |
Тип средства |
непосредственный |
| 210 |
Выходные данные |
1_ |
| a |
Место издания |
Москва |
| c |
Издательство |
Эксмо |
| d |
Дата издания |
2025 |
| 215 |
Физическое описание |
__ |
| a |
Объем |
540, [2] с. |
| d |
Формат |
21 см |
| 225 |
Серия |
2_ |
| a |
Серия |
Всемирная литература (с картинкой) |
| 330 |
Аннотация |
__ |
| a |
Аннотация |
«Таинственный остров» — книга, которую стоит взять с собой на необитаемый остров. Один из самых увлекательных романов Жюля Верна — захватывающая история приключений островитян, «пособие по выживанию» и гимн человеческой силе воли и отваге. В авантюрный сюжет романа вплетены буря, извержение вулкана, нападение пиратов, таинственный капитан Немо и история о выживании на клочке земли. Прочитав эту книгу, можно научиться варить мыло, делать динамит, батарею Беккереля и многое другое! С первых же страниц автор перенесет вас на край земли. Таинственный остров ждет вас! Вперед, навстречу приключениям! |
| 333 |
Примечание о целевом назначении |
__ |
| a |
Примечание о целевом назначении |
16+. Для детей старше 16 лет |
| 454 |
Оригинал |
_0 |
| 1 |
|
2001 |
| a |
|
L'ile musterieuse |
| 1 |
|
700 1 |
| a |
|
Verne |
| b |
|
J. |
| g |
|
Jules |
| 606 |
Тематические рубрики |
__ |
| a |
Основная рубрика |
Художественная литература |
| 2 |
Код системы |
nlr_sh |
| 606 |
Тематические рубрики |
__ |
| a |
Основная рубрика |
Литература Европы (произведения) |
| z |
Хронологическая подрубрика |
19 в. |
| y |
Географическая подрубрика |
Франция |
| 2 |
Код системы |
nlr_sh |
| 610 |
Ключевые слова |
0_ |
| a |
Ключевые слова |
зарубежная литература |
| 610 |
Ключевые слова |
0_ |
| a |
Ключевые слова |
французская литература |
| 610 |
Ключевые слова |
0_ |
| a |
Ключевые слова |
романы |
| 610 |
Ключевые слова |
0_ |
| a |
Ключевые слова |
приключенческие романы |
| 610 |
Ключевые слова |
0_ |
| a |
Ключевые слова |
приключения |
| 610 |
Ключевые слова |
0_ |
| a |
Ключевые слова |
тема приключений |
| 610 |
Ключевые слова |
0_ |
| a |
Ключевые слова |
необитаемые острова |
| 610 |
Ключевые слова |
0_ |
| a |
Ключевые слова |
тема необитаемых островов |
| 610 |
Ключевые слова |
0_ |
| a |
Ключевые слова |
робинзонада |
| 610 |
Ключевые слова |
0_ |
| a |
Ключевые слова |
пираты |
| 610 |
Ключевые слова |
0_ |
| a |
Ключевые слова |
тема пиратов |
| 686 |
Индексы других классификаций |
__ |
| 2 |
Код системы |
rubbks |
| a |
Классификационный индекс |
84(4Фра)52-445; ст84(4Фра)-445 |
| 700 |
Автор |
_1 |
| a |
Фамилия |
Верн |
| b |
Имя |
Ж. |
| f |
Даты |
1828-1905 |
| g |
Полное личное имя |
Жюль |
| 4 |
Код отношения |
070 |
| 702 |
Вторичная интеллектуальная ответственность |
_1 |
| a |
Фамилия |
Немчинова |
| b |
Имя |
Н. И. |
| 4 |
Код отношения |
730 |
| f |
Даты |
1892-1975 |
| g |
Полное личное имя |
Наталия Ивановна |
| 702 |
Вторичная интеллектуальная ответственность |
_1 |
| a |
Фамилия |
Худадова |
| b |
Имя |
А. А. |
| f |
Даты |
1910-1995 |
| g |
Полное личное имя |
Анна Александровна |
| 4 |
Код отношения |
730 |
| 801 |
Источник записи |
_0 |
| a |
Страна |
RU |
| b |
Организация |
Муниципальное бюджетное учреждение культуры "Централизованная библиотечная система" г. Сургут (Центральная городская библиотека им. А. С. Пушкина) |
| c |
Дата составления |
20250418 |
| g |
Правила каталогизации |
PSBO |
| 801 |
Источник записи |
_1 |
| a |
Страна |
RU |
| b |
Организация |
Муниципальное бюджетное учреждение культуры "Централизованная библиотечная система" г. Сургут (Центральная городская библиотека им. А. С. Пушкина) |
| c |
Дата составления |
20250418 |
| g |
Правила каталогизации |
PSBO |
| 852 |
Данные о местонахождении |
__ |
| j |
Шифр хранения |
84(4Фра)52-445 |
| i |
Авторский знак |
В 35 |
| 900 |
Макрообъекты |
__ |
| a |
Макрообъекты |
Таинственный остров. Верн, Ж., 2024 |
| 901 |
Тип документа |
__ |
| t |
Тип документа |
m |
| a |
Ответственный |
КиК/Обаева |
| 903 |
Характеристики (МАРС) |
__ |
| a |
Дата передачи |
20250418 |
| c |
Наименование библиотеки (МАРС) |
Муниципальное бюджетное учреждение культуры "Централизованная библиотечная система" г. Сургут (Центральная городская библиотека им. А. С. Пушкина) |
| 969 |
Тип издания |
__ |
| a |
Тип издания |
Ф |
| 990 |
Данные о заказе (DOS) |
__ |
| j |
Количество экземпляров (DOS) |
5 |
| t |
N записи в КСУ для И/У (DOS) |
202506 |